00463nam a22001697a 450000500170000000800410001702000180005802200150007604100120009108200120010310000120011524500570012725000190018426000340020330000310023765000250026820240924082600.0240924b |||||||| |||| 00| 0 eng d a9780409007213 a0409004480 aEnglish a349 JOU lEnglish aThe Law of South Africa / cWA Joubert and JA Faris  aThird Edition  aDurban: bLexisNexis, c2017  bviii, 449 pages; c26 cm.  aLegal practice bLaw